| 000 | 00730nam a2200157 a 4500 | ||
|---|---|---|---|
| 001 | 000029255 | ||
| 005 | 20200930055429.0 | ||
| 008 | 110414s1972 dr 000 0 spa d | ||
| 040 |
_aDO-SdBNP _bspa _cBNPHU |
||
| 082 |
_axxx _bC748 |
||
| 111 | 1 |
_aConferencia dictada por Gloria Stolk en la Biblioteca Nacional de Santo Domingo de Guzmán _cSanto Domingo _d1972: abr. 24 _956149 |
|
| 245 | 1 | 0 |
_aDiscurso : _bpronunciado por Gloria Stolk, embajador de Venezuela, en la Fortaleza del Homenaje de la ciudad de Santo Domingo de Guzmán, el día 1o de diciembre de 1971, con motivo de conmemorarse el 150 aniversario de la Independencia Efimera. |
| 260 |
_aSanto Domingo : _b[s. n.], _c[1972]. |
||
| 300 |
_a6 p. ; _c23 cm. |
||
| 049 | _aBNPD | ||
| 999 |
_c28747 _d28747 |
||